000 00496nam a2200193 a 4500
001 3943
003 CO-ViMGA
008 141112s2004 ck r 000 u spa d
020 _a8474442095
040 _aCO-ViMGA
_bspa
_cCO-ViMGA
082 0 4 _a333.73 L151
100 1 _aLambert, David
_954196
245 1 0 _aEl planeta tierra
260 _aMadrid :
_bDebate,
_c1986
300 _a64 p : il
490 _aTu mundo zooo
650 1 4 _aTIERRA (PLANETA) - RECURSOS NATURALES
_954197
942 _2ddc
_cBK
999 _c15961
_d15961